000
00319nam a2200109Ia 4500
008
171211s9999 xx 000 0 und d
245
4
_a
The Politics of Equity Finance in Emerging Markets
245
_c
Kathryn C. Lavelle
260
_c
2004
650
_x
ECONOMICS
856
_u
http://down.ebook777.com/063/0195174097.pdf
999
_c
349566
_d
349566